000 00783nab a2200241 u 4500
001 17319
003 HDC
007 cr bn ---aaaaa
008 210223c20070731xx dr|noo 0 a eng d
040 _aHDC
245 0 _aMalaysia Planning a Halal Logistics Centre
260 _a[No place] :
_b[publisher not identified],
_c2007
336 _atext
_2rdacontent
337 _acomputer
_2rdamedia
338 _aonline resource
_2rdacarrier
650 _aHalal industry
_9144
650 _aHalal Logistics Centre
_916775
710 _aHalal Focus
856 _zRequest full-text at [email protected]
942 _2lcc
942 _cNEWS
942 _kNWSO 005900
999 _c14635
_d14635